Powiaty w województwie świętokrzyskim - nagła śmierć - Statystyki

Ogólne statystyki
  • Ten quiz został rozwiązany 91 razy
    90 od ostatniego zresetowania
  • Średni wynik to 11 z 14
Answers on the Grid
Answers color-coded by a green-red scale on the quiz's grid according to % correct below.
bielski
braniewski
buski
Dąbrowa Górnicza
giżycki
iławski
jędrzejowski
kazimierski
Kielce
kielecki
kłodzki
kołobrzeski
konecki
kościański
krośnieński
lipski
lubartowski
miechowski
moniecki
niski
nowodworski
nowomiejski
opatowski
Ostrołęka
ostrowiecki
pińczowski
proszowicki
pruszkowski
pszczyński
radomski
sandomierski
sierpecki
skarżyski
sochaczewski
sokólski
Sosnowiec
starachowicki
staszowski
sztumski
Toruń
turecki
Warszawa
włoszczowski
wołomiński
wolsztyński
wieruszowski
wschowski
wyszkowski
zwoleński
żniński
 
Statystyki odpowiedzi
Odpowiedź % Poprawnych
Kielce
96%
kielecki
92%
jędrzejowski
81%
skarżyski
81%
buski
79%
starachowicki
78%
sandomierski
76%
kazimierski
74%
pińczowski
74%
włoszczowski
74%
opatowski
71%
ostrowiecki
69%
staszowski
68%
konecki
65%
Nie znaleziono quizów pasujących do podanych kryteriów
Rozkład punktacji
Procent ludzi z każdym wynikiem
Percentyl według liczby udzielonych odpowiedzi
Twoja historia wyników
Nie rozwiązałeś tego quizu od ostatniego zresetowania